ბათუმის შოთა რუსთაველის სახელმწიფო უნივერსიტეტის ბიბლიოთეკა

Aнтичный мир и археология / (ბიბ.ჩანაწერი № 61171)

000 -LEADER
fixed length control field 00673nam a22001577a 4500
005 - DATE AND TIME OF LATEST TRANSACTION
control field 20231227101259.0
008 - FIXED-LENGTH DATA ELEMENTS--GENERAL INFORMATION
fixed length control field 231227s1986 ru ||||| |||| 00| 0 rus d
041 ## - LANGUAGE CODE
Language code of text/sound track or separate title rus
080 ## - UNIVERSAL DECIMAL CLASSIFICATION NUMBER
Universal Decimal Classification number 930.85 A-72
245 ## - TITLE STATEMENT
Title Aнтичный мир и археология /
Remainder of title Проблемы экономики, политика и културы античных государств. Межвузовский научный сборник.
264 ## - PRODUCTION, PUBLICATION, DISTRIBUTION, MANUFACTURE, AND COPYRIGHT NOTICE
Place of production, publication, distribution, manufacture Саратов :
Name of producer, publisher, distributor, manufacturer Саратовский ун-т,
Date of production, publication, distribution, manufacture, or copyright notice 1986.
300 ## - PHYSICAL DESCRIPTION
Extent 146 с.;
Other physical details 20 см.
653 ## - INDEX TERM--UNCONTROLLED
keyword არქეოლოგია
653 ## - INDEX TERM--UNCONTROLLED
keyword ანტუკური სამყარო
942 ## - ADDED ENTRY ELEMENTS (KOHA)
Source of classification or shelving scheme
Koha item type წიგნი
ეგზემპლარები
Withdrawn status Lost status Source of classification or shelving scheme Damaged status Not for loan Permanent Location Current Location Shelving location Date acquired Cost, normal purchase price Full call number Barcode Date last seen Copy number Uniform Resource Identifier Price effective from Koha item type Public note
          ბათუმის შოთა რუსთაველის სახელმწიფო უნივერსიტეტის მთავარი ბიბლიოთეკა ბათუმის შოთა რუსთაველის სახელმწიფო უნივერსიტეტის მთავარი ბიბლიოთეკა წიგნსაცავი 2023-12-27 4.00 930.85 A-72 65694 2023-12-27 65694 ბსუ-ს საპატიო დოქტორის გურამ ლორთქიფანიძის საჩუქარი 2023-12-27 წიგნი 4 ლ.